| 000 | 00776nam a2200241Ia 4500 | ||
|---|---|---|---|
| 003 | OSt | ||
| 005 | 20220923224604.0 | ||
| 006 | a|||||r|||| 00| 0 | ||
| 007 | ta | ||
| 008 | Pun | ||
| 020 | _c170 | ||
| 024 | _a244,003 | ||
| 037 |
_b313, 08/10/2010, H.K. Prakashan _cTextual |
||
| 040 |
_aARTS _cARTS _bPun |
||
| 041 |
_2Pun _aPun |
||
| 082 | _aQ8441xJ34:g(NR), 153P8 | ||
| 100 | _aਤਾਰਾ ਸਿੰਘ | ||
| 245 | 0 |
_aਗੁਰੂ ਅਮਰਦਾਸ _b ਰਾਗ ਰਤਨਾਕਰ |
|
| 260 |
_aਪਟਿਆਲਾ _b ਗੁਰਮਤਿ ਸੰਗੀਤ ਪ੍ਰਕਾFਨ _c2008 |
||
| 300 |
_a173ਪੰ _ccm. |
||
| 942 |
_hQ8441xJ34:g(NR), 153P8 _cTEXL _2CC |
||
| 999 |
_c372373 _d372373 |
||